| 000 | 03237cam a2200697 4500 | ||
|---|---|---|---|
| 001 | J123029 | ||
| 008 | #DATE n2001 000 0 eng u | ||
| 022 | _a1361-3367 | ||
| 035 | _a(Sirsi) u123029 | ||
| 041 | _aeng | ||
| 050 |
_a692.5 _c18 |
||
| 110 |
_aBuilding Cost Information Service _91096 |
||
| 245 |
_aBCIS average group element prices _b£/sq m group element prices for a range of building types |
||
| 260 |
_aLondon _bBCIS _c2001- |
||
| 490 | _aBCIS Average Group Element Prices | ||
| 490 | _aBCIS Bulletin Service | ||
| 490 | _aBCIS Special Study | ||
| 505 | _aIntoduction : contents of tables ; the database ; using the tables ; building function ; form construction; size ; type of work ; BCIS Online | ||
| 505 | _aAverage group element prices : CI/SfB 127.3 - vehicle showrooms ; CI/SfB 127.4 - vehicle repair and maintenance ; CI/SfB 157.2 - sorting offices ; CI/SfB 278 - building ; CI/SfB 282 - factories ; CI/SfB 284 - warehouses ; CI/SfB 315 - local admin building ; CI/SfB 317 - law courts ; CI/SfB 320 - offices ; CI/SfB 341 - retail warehouses ; CI/SfB 344 - shopping centres ; CI/SfB 344 - hypermarkets/supermarkets ; CI/SfB 345 - shopes ; CI/SfB 372 - fire stations ; CI/SfB 374 - police stations ; CI/SfB 412 - health centres, clinics, surgeries ; CI/SfB 442 - homes ; CI/SfB 448 - day centres ; CI/SfB 517 - public houses ; CI/SfB 532 - community centres, halls ; CI/SfB 541 - covered swimming pools ; CI/SfB 562 - sports buildings ; CI/SfB 568.1 - sports pavilions, club houses and changing rooms ; CI/SfB 630 - churches/chapels ; CI/SfB 710 - schools ; CI/SfB 722 - colleges ; CI/SfB 732 - laboratories ; CI/SfB 760 - libraries ; CI/SfB 810 - housing ; CI/SfB 811 - flats ; CI/SfB 820 - one-off housing ; CI/SfB 843 - sheltered housing ; CI/SfB 856.2 - student residences ; CI/SfB 856.8 - hostels | ||
| 505 | _aNotes and definitions | ||
| 520 | _aAnnual review presenting £/sq m prices for new building work at the group element level for common building types. Filed in "BCIS bulletin service" Binder 2. | ||
| 520 | _aNo longer published as hard copy. Replaced by BCIS Online. | ||
| 650 | _aBUILT ENVIRONMENT-BUILDING COSTS | ||
| 650 | _aCAR SHOWROOMS | ||
| 650 | _aCOLLEGES | ||
| 650 | _aCOMMUNITY CENTRES | ||
| 650 | _aCHAPELS | ||
| 650 | _aCHURCHES | ||
| 650 | _aDAY CENTRES | ||
| 650 | _aFACTORIES | ||
| 650 | _aFIRE STATIONS | ||
| 650 | _aFLATS | ||
| 650 | _aGARAGES | ||
| 650 | _aGROUP ELEMENTS | ||
| 650 | _aGROUP ELEMENT PRICES | ||
| 650 | _aHEALTH CENTRES | ||
| 650 | _aHOSPITALS | ||
| 650 | _aHOSTELS | ||
| 650 | _aHOUSES | ||
| 650 | _aHYPERMARKETS | ||
| 650 | _aLABORATORIES | ||
| 650 | _aLIBRARIES | ||
| 650 | _aNEW BUILD | ||
| 650 | _aOFFICE BUILDINGS | ||
| 650 | _aPOLICE STATIONS | ||
| 650 | _aPUBLIC HOUSES | ||
| 650 | _aRETAIL WAREHOUSES | ||
| 650 | _aSCHOOLS | ||
| 650 | _aSHELTERED HOUSING | ||
| 650 | _aSHOPPING CENTRES | ||
| 650 | _aSHOPS | ||
| 650 | _aSORTING OFFICES | ||
| 650 | _aSPORTS BUILDINGS | ||
| 650 | _aSUPERMARKETS | ||
| 650 | _aSURGERIES | ||
| 650 | _aSTUDENT HOUSING | ||
| 650 | _aSWIMMING POOLS | ||
| 650 | _aWAREHOUSES | ||
| 690 | _aBUILT ENVIRONMENT-BUILDING COSTS | ||
| 942 | _n0 | ||
| 999 |
_c102979 _d102979 |
||